• 首页
  • 本馆介绍
  • 公告通知
  • 最新文献
  • 馆藏检索
  • 电子资源
  • 读者导购
  • 参考咨询
  • 我的图书馆
  • 登录
  • 详细信息显示
  • 放入我的书架
  • 预约/预借图书
  • 作者相关作品
  • 分类相关作品
  • 丛书相关作品
  • 出版社相关作品

书目信息

  • 表格格式
  • 工作单格式
  • 卡片格式
题名:
史记故事
    
 
作者: 和兴文化 编
分册:  
出版信息: 南京   江苏凤凰美术出版社  2018
页数: 216页
开本: 22cm
丛书名: 品读国学精粹
单 册:
中图分类: K204.2-49
科图分类:
主题词: 中国历史--古代史--纪传体--通俗读物
电子资源:
ISBN: 978-7-5580-2029-2
000 01297oam2 2200253 45
001 012001009716
005 20140103134658.0
010    @a978-7-5580-2029-2@dCNY29.90
100    @a20181029d2018 em y0chiy0110 ea
101 0  @achi
102    @aCN@b320000
105    @ay z 000yy
106    @ar
200 1  @a史记故事@Ashi ji gu shi@f和兴文化编
210    @a南京@c江苏凤凰美术出版社@d2018
215    @a216页@d22cm
225 2  @a品读国学精粹
330    @a《史记》堪称“史家之绝唱,无韵之离骚”。《史记故事》辑录了原著中最脍炙人口、千古传颂的篇章,以深入浅出、通俗易懂的故事体编撰而成,便于读者轻松掌握其精华,并从中汲取睿见卓识,深化、拓展人生阅历。研读《史记》,除了可以丰富史学知识,更主要的是可以以史为镜。本书用现代语言、今人视角重新进行解读,在真实性、趣味性和启发性等方面达到一个全新的高度,全方位、多层面地展现这部史学巨著。科学简明的体例、精彩丰富的故事、注重传统文化与现代审美的设计理念,帮助读者从全新的角度和崭新的层面去考察历史、感受历史、思考历史,从中汲取睿见卓识,深化、拓展人生阅历,是方便快捷地掌握《史记》精华、感悟中华历史文化神韵的理想读本。
410  0 @12001 @a品读国学精粹
606 0  @a中国历史@z古代史@x纪传体@x通俗读物
690    @aK204.2-49@v5
701  0 @a和兴文化@Ahe xing wen hua@4编
801  0 @aCN@b上海新华@c20191020
905    @b1189234-7@dK204.2-49@e350@f4
    
    史记故事/和兴文化编.-南京:江苏凤凰美术出版社,2018
    216页;22cm.-(品读国学精粹)
    
    
    ISBN 978-7-5580-2029-2:CNY29.90
    《史记》堪称“史家之绝唱,无韵之离骚”。《史记故事》辑录了原著中最脍炙人口、千古传颂的篇章,以深入浅出、通俗易懂的故事体编撰而成,便于读者轻松掌握其精华,并从中汲取睿见卓识,深化、拓展人生阅历。研读《史记》,除了可以丰富史学知识,更主要的是可以以史为镜。本书用现代语言、今人视角重新进行解读,在真实性、趣味性和启发性等方面达到一个全新的高度,全方位、多层面地展现这部史学巨著。科学简明的体例、精彩丰富的故事、注重传统文化与现代审美的设计理念,帮助读者从全新的角度和崭新的层面去考察历史、感受历史、思考历史,从中汲取睿见卓识,深化、拓展人生阅历,是方便快捷地掌握《史记》精华、感悟中华历史文化神韵的理想读本。
●
相关链接 在E读中查询图书 在五车中查询图书 在当当中查询图书 在豆瓣中查询图书


正题名:史记故事     索取号:K204.2-49/350         预约/预借

序号 登录号 条形码 馆藏地/架位号 状态 备注
1 1189234   211892344   第二样本阅览室/ [索取号:K204.2-49/350] 在馆    
2 1189235   211892353   第二借阅区/ [索取号:K204.2-49/350] 在馆    
3 1189236   211892362   第二借阅区/ [索取号:K204.2-49/350] 在馆    
4 1189237   211892371   第二借阅区/ [索取号:K204.2-49/350] 在馆    
唐山师范学院图书馆 欢迎您!
大连网信软件有限公司© 版权所有